Manual de nutrición para escuelas primarias
Gorde:
| Egile nagusia: | |
|---|---|
| Formatua: | Liburua |
| Hizkuntza: | gaztelania |
| Argitaratua: |
Ciudad de México
Limusa
1974
|
| Gaiak: | |
| Etiketak: |
Etiketa erantsi
Etiketarik gabe, Izan zaitez lehena erregistro honi etiketa jartzen!
|
MARC
| LEADER | 00000nam a2200000 a 4500 | ||
|---|---|---|---|
| 001 | UCR5421 | ||
| 003 | CL-VaPUC | ||
| 008 | 980327e19740000MX |||||||||||||||||spa|d | ||
| 082 | 0 | 4 | |a 641.1 |b WIG |2 21 |
| 100 | 0 | |a Wight, Jean Audrey |e author |9 406328 | |
| 245 | 1 | 0 | |a Manual de nutrición para escuelas primarias |
| 300 | |a 260 p | ||
| 942 | |c BK | ||
| 945 | |d 19980327 00:00:00 |a lriquelm | ||
| 260 | |a Ciudad de México |b Limusa |c 1974 | ||
| 650 | 7 | |a NUTRICION INFANTIL |2 CL-VaPUC |9 260383 | |
| 650 | 7 | |a SALUD ESCOLAR |2 CL-VaPUC |9 310452 | |
| 650 | 7 | |a EDUCACION NUTRICIONAL |2 CL-VaPUC |9 338422 | |
| 650 | 0 | |a Nutrición |9 259434 | |
| 650 | 0 | |a Métodos de enseñanza |9 270413 | |
| 583 | |a last modification |c 19980327 00:00:00 |k Rodrigo Vera | ||
| 999 | |c 268019 |d 268017 | ||
| 952 | |0 0 |1 0 |4 0 |6 641_100000000000000_WIG_1974 |7 0 |8 A |9 300877 |a BIBALI |b BIBALI |d 2019-11-20 |i 1975471 |o 641.1 WIG 1974 |p 1975471 |r 2025-01-20 |w 2019-11-20 |y BK |k ALI | ||